Online
Catalog

Cases in collective bargaining and industrial relations : (Record no. 11336)

MARC details
000 -CABECERA
campo de control de longitud fija 00755cam a2200217 a 4500
001 - NÚMERO DE CONTROL
campo de control 000011647
005 - FECHA Y HORA DE LA ÚLTIMA TRANSACCIÓN
campo de control 20260202091015.0
008 - DATOS DE LONGITUD FIJA--INFORMACIÓN GENERAL
campo de control de longitud fija 820308s1982 ilu b 001 0 eng d
020 ## - NÚMERO INTERNACIONAL ESTÁNDAR DEL LIBRO
Número Internacional Estándar del Libro 0256026203
040 ## - FUENTE DE LA CATALOGACIÓN
Centro catalogador/agencia de origen DO-SdBNP
Lengua de catalogación spa
Centro/agencia modificador BNPHU
082 ## - NÚMERO DE LA CLASIFICACIÓN DECIMAL DEWEY
Número de clasificación 658.3151
Número de documento/Ítem S365c, 1982
100 1# - ENTRADA PRINCIPAL--NOMBRE DE PERSONA
Nombre de persona Schoen, Sterling Harry,
Fechas asociadas al nombre 1918-
9 (RLIN) 27580
245 10 - MENCIÓN DE TÍTULO
Título Cases in collective bargaining and industrial relations :
Resto del título a decisional approach /
Mención de responsabilidad, etc. Sterling H. Schoen y Raymond L. Hilgert.
250 ## - MENCIÓN DE EDICIÓN
Mención de edición 4a. ed.
260 ## - PUBLICACIÓN, DISTRIBUCIÓN, ETC.
Lugar de publicación, distribución, etc. Homewood, Illinois :
Nombre del editor, distribuidor, etc. Richard D. Irwin,
Fecha de publicación, distribución, etc. 1982.
300 ## - DESCRIPCIÓN FÍSICA
Extensión 152 p. ;
Dimensiones 24 cm.
504 ## - NOTA DE BIBLIOGRAFÍA, ETC.
Nota de bibliografía, etc. Bibliografías: p. 31-33.
650 #4 - PUNTO DE ACCESO ADICIONAL DE MATERIA--TÉRMINO DE MATERIA
Término de materia o nombre geográfico como elemento de entrada Contratos colectivos de trabajo
9 (RLIN) 7241
650 #0 - PUNTO DE ACCESO ADICIONAL DE MATERIA--TÉRMINO DE MATERIA
Término de materia o nombre geográfico como elemento de entrada Relaciones humanas
9 (RLIN) 606
700 1# - PUNTO DE ACCESO ADICIONAL--NOMBRE DE PERSONA
Nombre de persona Hilgert, Raymond L.
9 (RLIN) 27581
Holdings
Estado de retiro Estado de pérdida Restricciones de uso No para préstamo Código de colección Localización permanente Ubicación/localización actual Ubicación en estantería Fecha de adquisición Número de inventario Total de préstamos Signatura topográfica completa Código de barras Fecha visto por última vez Precio válido a partir de Tipo de ítem Koha Número de copia
      Excluido de préstamo Monografías: Libros y Folletos General General Depósito 22.10.2009 LF1   658.3151 S365c, 1982 11647-10 25.06.2020 25.06.2020 No se presta  
      Excluido de préstamo Monografías: Libros y Folletos General General Depósito 07.05.2010 LF1   658.3151 S365c, 1982 11647-20 25.06.2020 25.06.2020 No se presta e. 2
        Monografías: Libros y Folletos General General Orden iniciada 26.05.2017 LF1   658.3151 S365c, 1982 11647-30 25.06.2020 25.06.2020 No se presta  
        Monografías: Libros y Folletos General General Orden iniciada 26.05.2017 LF1   658.3151 S365c, 1982 11647-40 25.06.2020 25.06.2020 No se presta  

Powered by Koha